01209nam a22002897a 4500999001700000003000900017005001700026008004100043020001800084040001000102082001100112100002000123245009500143250001900238260003200257300001000289650002500299700001700324700002100341700001700362856006400379942001200443952011300455952011300568952011900681952011900800 c68862d68859PK-NaQUE20250619145343.0250619b ||||| |||| 00| 0 eng d a9788131204542 cQUEST a660BAC aBackhurst, J R. aCoulson and Richardson's Chemical Engineering : solutions to the problems in volumes 2 & 3 aVol : II & III aNew Delhi:bElsevier,c2014 a340p. aChemical engineering aHarker, J H. aRichardson, J.F. aCoulson, J M uhttp://10.10.170.122:8080/browse/book/27604yDownload eBook cBK2ddc 00104070aQUESTCLbQUESTCLd2025-05-27g3312.00l0o 660.28BACp58813r2025-05-27 00:00:00w2025-05-27yBK 00104070aQUESTCLbQUESTCLd2025-06-03g2201.00l0o 660.28BACp58958r2025-06-03 00:00:00w2025-06-03yBK 00102ddc4070aREFbREFcREFd2025-11-11l0o 660.28 COU (Shelf-87D)p57788r2025-11-11 00:00:00w2025-11-11yBK 00102ddc4070aREFbREFcREFd2025-11-11l0o 660.28 COU (Shelf-87D)p54314r2025-11-11 00:00:00w2025-11-11yBK